Письмо князя Барятинского И. Базили Н. А. второго секретаря посольства в Париже

Доступно только в Электронных читальных залах Найти на картеНа карте
RUSMARC
00004280nac2a22003013x 450
0014b887553-331c-46cf-9499-d37c0891f84e
00520211214111201.0
100##$a20211122l1911 k y0rusy50 ca
1010#$afre
102##$aRU
105##$ay z |||||
1220#$ad19110811
2001#$aПисьмо князя Барятинского И. Базили Н. А. второго секретаря посольства в Париже
$j11 августа 1911
215##$a2 листа
251##$cДело
300##$aЗаголовок дела на папке: Письмо князя Барятинского И. Базили Н. А. - второй секретарь посольства в Париже
300##$aТекст на французском языке
300##$aРукописный текст
330##$aВходит в раздел описи: 7. Письма разных лиц к разным лицам
461#0$1001ff9fc58f-089b-437b-980d-902343bc59d8
$12001
$aШиллинг Маврикий Фабианович, барон, секретарь русского посольства в Вене
$1251
$cФонд
$1852
$j813
462#0$1001665c067c-d934-4316-b9df-5bf0ad49190b
$12001
$aДела постоянного хранения. 1817-1917
$vД. 479
$1251
$cОпись
$1852
$j1
5171#$aПисьмо князя Барятинского И. Базили Н. А. - второй секретарь посольства в Париже
600#1$aШиллинг
$bМ. Ф.
$cбарон
$gМаврикий Фабианович
600#1$aБарятинский
$bИ.
$cкнязь
600#1$aБазили
$bН. А.
801#0$aRU
$bGA_RF
801#1$aRU
$bГлавНИВЦ
$c20211122
$2rusmarc
801#2$aRU
$bПБ им. Б.Н. Ельцина
$c20211214
$gRCR
$2rusmarc
852##$aГА РФ
$j479
937##$d171578510
$hГАРФ
035##$aRuPRLIB51061194
856##$uhttp://readingroom.main.prlib.ru/item.aspx?id_node=n171578510&mode=full
Формат отображения